2024-2025 NBA Per Game Stat Leaders - Statistics

General Stats
  • This quiz has been taken 83 times
  • The average score is 30 of 50
Answer Stats
Answer % Correct
Shai Gilgeous-Alexander
97%
Shai Gilgeous-Alexander
97%
Nikola Jokić
96%
Nikola Jokić
96%
Nikola jokić
96%
Nikola Jokić
96%
Giannis Antetokounmpo
94%
Giannis Antetokounmpo
94%
LeBron James
90%
Trae Young
83%
Jalen Brunson
79%
Jalen Brunson
79%
Domantas Sabonis
78%
Jayson Tatum
78%
Anthony Edwards
76%
Tyrese Haliburton
75%
Karl-Anthony Towns
74%
James Harden
72%
Damian Lillard
71%
Damian Lillard
71%
Dyson Daniels
69%
Jalen Duren
69%
Devin Booker
68%
Kevin Durant
67%
Chris Paul
65%
Jaren Jackson Jr.
63%
Rudy Gobert
63%
Rudy Gobert
63%
Evan Mobley
61%
Jalen Williams
61%
Cade Cunningham
56%
Cade Cunningham
56%
Brook Lopez
53%
Myles Turner
51%
Alperen Şengün
49%
Josh Hart
49%
Ivica Zubac
46%
Ausar Thompson
43%
Walker Kessler
42%
Walker Kessler
42%
Nikola Vučević
36%
Fred VanVleet
32%
Nicholas Claxton
31%
Josh Giddey
21%
Alexandre Sarr
19%
Cason Wallace
17%
Kris Dunn
17%
Donovan Clingan
11%
Kelly Oubre Jr.
10%
Isaiah Stewart
8%
No matching quizzes found
Score Distribution
Percent of People with Each Score
Percentile by Number Answered
Your Score History
You have not taken this quiz